Theory and problems of discrete mathematics / (Record no. 4142)
[ view plain ]
| 000 -LEADER | |
|---|---|
| fixed length control field | 00830nam a2200265 a 4500 |
| 001 - CONTROL NUMBER | |
| control field | 2976 |
| 003 - CONTROL NUMBER IDENTIFIER | |
| control field | BD-DhUAP |
| 005 - DATE AND TIME OF LATEST TRANSACTION | |
| control field | 20201102114740.0 |
| 008 - FIXED-LENGTH DATA ELEMENTS--GENERAL INFORMATION | |
| fixed length control field | 201102s20001999maua 001 0 eng d |
| 020 ## - INTERNATIONAL STANDARD BOOK NUMBER | |
| International Standard Book Number | 007463710X |
| 040 ## - CATALOGING SOURCE | |
| Original cataloging agency | BD-DhUAP |
| Transcribing agency | BD-DhUAP |
| Modifying agency | BD-DhUAP |
| Language of cataloging | Eng |
| 082 00 - DEWEY DECIMAL CLASSIFICATION NUMBER | |
| Classification number | 512.02 LIP |
| Edition number | 23 |
| 100 ## - MAIN ENTRY--PERSONAL NAME | |
| Personal name | Lipschutz, Seymour. |
| 245 ## - TITLE STATEMENT | |
| Title | Theory and problems of discrete mathematics / |
| Statement of responsibility, etc. | Seymour Lipschutz and Marc Lars Lipson. |
| 250 ## - EDITION STATEMENT | |
| Edition statement | 2nd ed. |
| 260 ## - PUBLICATION, DISTRIBUTION, ETC. | |
| Place of publication, distribution, etc. | New Delhi : |
| Name of publisher, distributor, etc. | Tata McGraw-Hill, |
| Date of publication, distribution, etc. | c1976 [Reprinted 2000]. |
| 300 ## - PHYSICAL DESCRIPTION | |
| Extent | ix, 528 pages : |
| Other physical details | illustrations ; |
| Dimensions | 28 cm. |
| 504 ## - BIBLIOGRAPHY, ETC. NOTE | |
| Bibliography, etc. note | Includes bibliographical references and index. |
| 650 #0 - SUBJECT ADDED ENTRY--TOPICAL TERM | |
| Topical term or geographic name entry element | Mathematics. |
| 650 #0 - SUBJECT ADDED ENTRY--TOPICAL TERM | |
| Topical term or geographic name entry element | Algebra, Abstract |
| 650 #0 - SUBJECT ADDED ENTRY--TOPICAL TERM | |
| Topical term or geographic name entry element | Computer science |
| General subdivision | Mathematics. |
| 700 ## - ADDED ENTRY--PERSONAL NAME | |
| Personal name | Lipson, Marc Lars |
| 942 00 - ADDED ENTRY ELEMENTS (KOHA) | |
| Source of classification or shelving scheme | |
| Koha item type | Book |
| Withdrawn status | Lost status | Source of classification or shelving scheme | Damaged status | Not for loan | Permanent Location | Current Location | Shelving location | Date acquired | Full call number | Barcode | Date last seen | Copy number | Price effective from | Koha item type | Total Checkouts | Total Renewals | Date last checked out |
|---|---|---|---|---|---|---|---|---|---|---|---|---|---|---|---|---|---|
| UAP Central Library | UAP Central Library | General Stacks | 2020-11-02 | 512.02 LIP | 3010002976 | 2020-11-02 | 1 | 2020-11-02 | Book | ||||||||
| UAP Central Library | UAP Central Library | General Stacks | 2020-11-02 | 512.02 LIP | 3010002979 | 2020-11-02 | 2 | 2020-11-02 | Book | ||||||||
| UAP Central Library | UAP Central Library | General Stacks | 2020-11-02 | 512.02 LIP | 3010002981 | 2020-11-02 | 3 | 2020-11-02 | Book | ||||||||
| UAP Central Library | UAP Central Library | General Stacks | 2020-11-02 | 512.02 LIP | 3010002977 | 2020-11-02 | 4 | 2020-11-02 | Book | ||||||||
| UAP Central Library | UAP Central Library | General Stacks | 2020-11-02 | 512.02 LIP | 3010003021 | 2020-11-02 | 5 | 2020-11-02 | Book | ||||||||
| UAP Central Library | UAP Central Library | General Stacks | 2020-11-02 | 512.02 LIP | 3010009903 | 2023-02-27 | 6 | 2020-11-02 | Book | 1 | 2 | 2023-01-12 | |||||
| UAP Central Library | UAP Central Library | General Stacks | 2020-11-02 | 512.02 LIP | 3010002980 | 2020-11-02 | 7 | 2020-11-02 | Book | ||||||||
| UAP Central Library | UAP Central Library | General Stacks | 2020-11-02 | 512.02 LIP | 3010002978 | 2020-11-02 | 8 | 2020-11-02 | Book | ||||||||
| UAP Central Library | UAP Central Library | General Stacks | 2020-11-02 | 512.02 LIP | 3010002982 | 2020-11-02 | 9 | 2020-11-02 | Book | ||||||||
| UAP Central Library | UAP Central Library | General Stacks | 2020-11-02 | 512.02 LIP | 3010003020 | 2020-11-02 | 10 | 2020-11-02 | Book | ||||||||
| UAP Central Library | UAP Central Library | General Stacks | 2020-11-08 | 512.02 LIP | 3010003022 | 2023-10-12 | 11 | 2020-11-08 | Book | 3 | 1 | 2023-10-12 | |||||
| UAP Central Library | UAP Central Library | General Stacks | 2020-11-08 | 512.02 LIP | 3010021242 | 2021-01-23 | 12 | 2020-11-08 | Book |
Bengali Keyboard